Let Me Down Slowly Lyrics - Statistics

General Stats
  • This quiz has been taken 5 times
  • The average score is 23 of 44
Answer Stats
Hint Answer % Correct
This night is cold in the ____ Kingdom
100%
Your steps keep me ___ Awake
75%
I can feel you ___ away Fade
75%
From the ___ to the bathroom sink and Kitchen
75%
If you're leaving, ___, let me down slowly Baby
50%
Now I'm slippin' through the ___ of your cold embrace Cracks
50%
I once was a man of ___ and grace Dignity
50%
Let me down, ___, let me down, ___, let me ___ Down
50%
Let me down, ___, let me down, ___, let me ___ Down
50%
Let me down, ___, let me down, ___, let me ___ Down
50%
Let me down, ___, let me down, ___, let me ___ Down
50%
Let me down, ___, let me down, ___, let me ___ Down
50%
Let me down, ___, let me down, ___, let me ___ Down
50%
And I can't stop myself from ___ down Falling
50%
And I can't stop myself from ___ down Falling
50%
And I can't stop myself from ___ down Falling
50%
And I can't stop myself from ___ down Falling
50%
Could you ___ a way to let me down slowly? Find
50%
If you wanna ___ then I'll be so lonely Go
50%
A little sympathy, I ___ you can show me Hope
50%
If you wanna go then ___ be so lonely I'll
50%
If you're ___, baby, let me down slowly Leavin'
50%
If you're ___, baby, let me down slowly Leaving
50%
If you're leaving, baby, ___ me down slowly Let
50%
If you wanna go then I'll be so ___ Lonely
50%
So I'm ___ for an open door Looking
50%
I once was a ___ of dignity and grace Man
50%
Could you find a way to let ___ down slowly? Me
50%
So ___, please Please
50%
So ___, please Please
50%
A little sympathy, I hope you can ___ me Show
50%
Now I'm ___ through the cracks of your cold embrace Slippin'
50%
If you're leaving, baby, let me down ___ Slowly
50%
A little ___, I hope you can show me Sympathy
50%
And I know we haven't ___ in a while Talked
50%
If you wanna go ___ I'll be so lonely Then
50%
If you ___ go then I'll be so lonely Wanna
50%
Don't cut me down, throw me out, leave me to ___ Waste
50%
Could you find a ___ to let me down slowly? Way
50%
If ___ wanna go then I'll be so lonely You
50%
If ___ leaving, baby, let me down slowly You're
50%
As I'm walking down the ___ Corridor
25%
Cold ___, drag my feet on the tile Skin
25%
Don't cut me down, ___ me out, leave me here to waste Throw
25%
No matching quizzes found
Score Distribution
Percent of People with Each Score
Percentile by Number Answered
Your Score History
You have not taken this quiz